Mini Aurélio : (Record no. 643)
[ view plain ]
| 000 -LÍDER | |
|---|---|
| Campo Fixo de Controle | 01006nam a2200265 a 4500 |
| 001 - NÚMERO DE CONTROLE | |
| Campo de Controle | 643 |
| 003 - IDENTIFICAÇÃO DO NÚMERO DE CONTROLE | |
| Campo de Controle | BR-CuiBMT |
| 005 - DATA E HORA DA ÚLTIMA ATUALIZAÇÃO | |
| Campo de Controle | 20231216195023.0 |
| 008 - DADOS FIXOS | |
| Dados Fixos | 231111s2004 prba d 000 0 por d |
| 020 ## - INTERNATIONAL STANDARD BOOK NUMBER | |
| Nº do ISBN | 9788574724164 |
| 040 ## - AGÊNCIA CATALOGADORA | |
| Código da Agência Catalogadora | BR-CuiBMT |
| Agência que transcreveu o registro | BR-CuiBMT |
| 080 ## - Nº DA CLASSIFICAÇÃO DECIMAL UNIVERSAL | |
| Nº edição CDU | 2007 |
| Nº Class. CDU | 811.134.3'374.81 |
| 090 ## - NÚMERO DE CHAMADA | |
| Complemento | R |
| Nº classificação | 811.134.3'374.81 |
| Cutter | F383m |
| Ano/Edição | 6. ed. |
| 100 1# - ENTRADA PRINCIPAL -- AUTOR PESSOAL | |
| Nome pessoal | Ferreira, Aurélio Buarque de Holanda |
| 245 10 - TÍTULO PRINCIPAL | |
| Título principal | Mini Aurélio : |
| Subtítulo | o dicionário da língua portuguesa / |
| Indicação de responsabilidade | Aurélio Buarque de Holanda Ferreira ; coordenação e edição Margarida dos Anjos, Marina Baird Ferreira. |
| 250 ## - EDIÇÃO | |
| Edição | 6. ed., rev. e atual. |
| 260 ## - PUBLICAÇÃO, DISTRIBUIÇÃO, ETC. | |
| Local de publicação | Curitiba : |
| Editora | Positivo, |
| Data | 2004. |
| 300 ## - DESCRIÇÃO FÍSICA | |
| N. páginas ou volumes | 895 p. : |
| Ilustrações | il. ; |
| Dimensões | 17 cm + |
| Material adicional | 1 CD-ROM |
| 504 ## - NOTA DE BIBLIOGRAFIA, ETC. | |
| Nota de bibliografia | Inclui bibliografia. |
| 590 ## - NOTA LOCAL | |
| Campo de ligação e número de sequência | A Biblioteca possui a 11. reimpr. 2008, e a 5. impr. 2015. |
| Nota local | O exemplar 2 não possui CD. |
| 650 ## - ASSUNTO TÓPICO | |
| Cabeçalho tópico ou nome geográfico | Língua portuguesa |
| Subdivisão geral | Dicionários |
| 700 1# - ENTRADA SECUNDÁRIA -- NOME PESSOAL | |
| Nome pessoal | Anjos, Margarida dos |
| Cód. do termo explicativo | coord. |
| 700 1# - ENTRADA SECUNDÁRIA -- NOME PESSOAL | |
| Nome pessoal | Ferreira, Marina Baird |
| Cód. do termo explicativo | coord. |
| 942 ## - ELEMENTOS DE ENTRADA ADICIONAIS (KOHA) | |
| Fonte de classificação ou esquema de arquivamento | Classificação Decimal Universal |
| Tipo de item do Koha | Obras de Referência |
| Estado: removido | Estado: perdido | Fonte de classificação ou esquema de arquivamento | Estado: danificado | Indisponível para empréstimo | Localização permanente | Localização atual | Data de aquisição | Total Checkouts | Número de Chamada completo | Código de barras | Date last seen | Número do exemplar | Preço efetivo a partir de | Tipo de item (Koha) | Nota pública | Especificação |
|---|---|---|---|---|---|---|---|---|---|---|---|---|---|---|---|---|
| Classificação Decimal Universal | Biblioteca da Escola Superior de Contas do TCE/MT | Biblioteca da Escola Superior de Contas do TCE/MT | 12/11/2023 | R 811.134.3'374.81 F383m 6. ed. | BIBTCEMT23110465 | 12/11/2023 | Ex. 1 | 12/11/2023 | Obras de Referência | 11. reimpr. 2008 | ||||||
| Classificação Decimal Universal | Biblioteca da Escola Superior de Contas do TCE/MT | Biblioteca da Escola Superior de Contas do TCE/MT | 12/11/2023 | R 811.134.3'374.81 F383m 6. ed. | BIBTCEMT23120713 | 16/12/2023 | Ex. 2 | 12/11/2023 | Obras de Referência | 5. impr. 2015 | ||||||
| Classificação Decimal Universal | Biblioteca da Escola Superior de Contas do TCE/MT | Biblioteca da Escola Superior de Contas do TCE/MT | 12/11/2023 | R 811.134.3'374.81 F383m 6. ed. | BIBTCEMT23120737 | 17/12/2023 | Ex. 1 | 12/11/2023 | CD-ROM | CD-ROM | Material adicional do Ex. 1 do livro |